Normal view
MARC view
- الخياط، عبد العزيز عزت
Entry Personal Name
001 - CONTROL NUMBER
- control field: 45618
003 - CONTROL NUMBER IDENTIFIER
- control field: JO-AjAnu
005 - DATE AND TIME OF LATEST TRANSACTION
- control field: 20230606081538.0
008 - FIXED-LENGTH DATA ELEMENTS
- fixed length control field: 230606|| aca||aabn | a|a d
040 ## - CATALOGING SOURCE
- Original cataloging agency: JO-AjAnu
- Transcribing agency: JO-AjAnu
100 ## - HEADING--PERSONAL NAME
- Personal name: الخياط، عبد العزيز عزت
670 ## - SOURCE DATA FOUND
- Source citation: Work cat.: (JO-AjAnu)23356: الخياط، عبد العزيز عزت, author, الشركات في الشريعة الإسلامية والقانون الوضعي، القسم الاول